ბათუმის შოთა რუსთაველის სახელმწიფო უნივერსიტეტის ბიბლიოთეკა

Психология Личности (ბიბ.ჩანაწერი № 44273)

000 -LEADER
fixed length control field 00703nam a2200253Ia 4500
001 - CONTROL NUMBER
control field 11031
003 - CONTROL NUMBER IDENTIFIER
control field GE_BSU
008 - FIXED-LENGTH DATA ELEMENTS--GENERAL INFORMATION
fixed length control field 181216s||||||||xx |||||||||||||| ||und||
020 ## - INTERNATIONAL STANDARD BOOK NUMBER
International Standard Book Number 9785496002264
040 ## - CATALOGING SOURCE
Transcribing agency GE_BSU
080 ## - UNIVERSAL DECIMAL CLASSIFICATION NUMBER
Universal Decimal Classification number 159.923.2
100 ## - MAIN ENTRY--PERSONAL NAME
Personal name Реан,А.А.
245 ## - TITLE STATEMENT
Title Психология Личности
245 ## - TITLE STATEMENT
Statement of responsibility, etc. Вед.ред:Е.Маслова;Художник:С.Маликова.
260 ## - PUBLICATION, DISTRIBUTION, ETC.
Place of publication, distribution, etc. Москва.
260 ## - PUBLICATION, DISTRIBUTION, ETC.
Name of publisher, distributor, etc. Питер.
260 ## - PUBLICATION, DISTRIBUTION, ETC.
Date of publication, distribution, etc. 2013.
300 ## - PHYSICAL DESCRIPTION
Extent 288стр,илл,24см.
300 ## - PHYSICAL DESCRIPTION
Accompanying material Библиогр:с.280-286
653 ## - INDEX TERM--UNCONTROLLED
Uncontrolled term Психология Личности
653 ## - INDEX TERM--UNCONTROLLED
Uncontrolled term ფსიქოლოგია
942 ## - ADDED ENTRY ELEMENTS (KOHA)
Koha item type წიგნი
ეგზემპლარები
Withdrawn status Lost status Damaged status Not for loan Date acquired Barcode Date last seen Price effective from Koha item type
        2018-12-17 35378 2018-12-17 2018-12-17 წიგნი
        2018-12-17 35379 2018-12-17 2018-12-17 წიგნი